书目信息 |
| 题名: |
中文版DREAMWEAVER MX经典范例
|
|
| 作者: | 邵发 , 王克杰 编写 | |
| 分册: | ||
| 出版信息: | 北京 北京希望电子出版社 2003.04 |
|
| 页数: | 394页 | |
| 开本: | 26cm | |
| 丛书名: | 经典范例50讲系列 | |
| 单 册: | ||
| 中图分类: | TP393.092 | |
| 科图分类: | ||
| 主题词: | 计算机应用 | |
| 电子资源: | ||
| ISBN: | 7-89498-099-4 | |
| 000 | 00720nam0 2200229 45 | |
| 001 | 0454588424 | |
| 005 | 20080303154926.67 | |
| 010 | @a7-89498-099-4@dCNY 39.00 | |
| 100 | @a20040916d2003 km y0chiy0120 ea | |
| 101 | 0 | @achi |
| 102 | @aCN@b110000 | |
| 200 | 1 | @a中文版DREAMWEAVER MX经典范例@AZhong Wen Ban DREAMWEAVER MX Jing Dian Fan Li@f邵发,王克杰编写@FShao Fa,Wang Ke Jie Bian Xie |
| 210 | @a北京@c北京希望电子出版社@d2003.04 | |
| 215 | @a394页@d26cm | |
| 225 | 2 | @a经典范例50讲系列 |
| 410 | 0 | @12001 @a经典范例50讲系列 |
| 606 | 0 | @a计算机应用 |
| 690 | @aTP393.092@v3 | |
| 701 | 0 | @a邵发@AShao Fa@4编写 |
| 701 | 0 | @a王克杰@AWang Ke Jie@4编写 |
| 801 | 0 | @aCN@bPFT@c20080303 |
| 905 | @a安徽大学@dTP393.092@eS325 | |
| 中文版DREAMWEAVER MX经典范例/邵发,王克杰编写.-北京:北京希望电子出版社,2003.04 |
| 394页;26cm.-(经典范例50讲系列) |
| ISBN 7-89498-099-4:CNY 39.00 |
| ● |
| 相关链接 |
|
|
|
正题名:中文版DREAMWEAVER MX经典范例
索取号:TP393.092/S325
 
预约/预借
| 序号 | 登录号 | 条形码 | 馆藏地/架位号 | 状态 | 备注 |
| 1 | 394045 | 203940450 | 自科库301/ [索取号:TP393.092/S325] | 在馆 | |
| 2 | 394046 | 203940469 | 自科库301/301自科库 128排1列5层/ [索取号:TP393.092/S325] | 在馆 | |
| 3 | 394047 | 203940478 | 自科库301/301自科库 128排1列5层/ [索取号:TP393.092/S325] | 在馆 | |
| 4 | 479241 | 204792411 | 期刊室512/ [索取号:TP393.092/S325] | 在馆 |